- Rodríguez Esteban, Antonio Francisco
Entry Nombre Personal
001 - NUMERO DE CONTROL
- campo de control: 43965
003 - IDENTIFICADOR DE NUMERO DE CONTROL
- campo de control: DLC
005 - FECHA Y HORA DE LA ÜLTIMA TRANSACCIÓN
- campo de control: 20220330110118.0
008 - DATOS DE LONGITUD FIJA
- campo de control de longitud fija: 220330n| azannaabn |a aaa c
010 ## - NÚMERO DE CONTROL DE LA BIBLIOTECA DEL CONGRESO
- Número de control LC: ns2016003847
035 ## - NUMERO DE CONTROL
- Número de control: (CaEvSKY)skya11201099
035 ## - NUMERO DE CONTROL
- Número de control: (OCoLC)oca10603682
040 ## - FUENTE DE CATALOGACIÓN
- Agencia original de catalogación: MX-MxITA
- Lenguaje de catalogación: spa
- Description conventions: rda
- Agencia de transcripción: MX-MxITA
- Agencia que lo modifica: NN
- Agencia que lo modifica: MX-MxUPN
100 1# - ENCABEZAMIENTO - NOMBRE PERSONAL
- Nombre personal: Rodríguez Esteban, Antonio Francisco
374 ## - OCUPACIÓN
- Occupation: Traductor
- Fuente del término: lcsh
375 ## - GÉNERO
- Gender: masculino
377 ## - LENGUA ASOCIADA
- Language code: spa
- Language code: eng
400 1# - VEÁSE - NOMBRE DE PERSONA
- Personal name: Esteban, Antonio Francisco Rodríguez
400 1# - VEÁSE - NOMBRE DE PERSONA
- Personal name: Rodríguez, Antonio F.
670 ## - FUENTE EN LA QUE SE LOCALIZARON DATOS
- Cita de la fuente: Bauman, Z. Ceguera moral, ©2015:
- Información localizada: reverso de la portada (traducción de Antonio Francisco Rodríguez Esteban)
670 ## - FUENTE EN LA QUE SE LOCALIZARON DATOS
- Cita de la fuente: Brackett, Marc A. Permiso para sentir, 2020:
- Información localizada: portada (traducción de Antonio F. Rodríguez) página legal (Antonio Francisco Rodríguez Esteban)
902 ## - CATALOGADOR
- Catalogador: NDAF/220330
